Southville International School and Colleges
Your cart is empty.
  • Cart
  • Lists
    Public lists Eva Luna New books Lux_list list_1
    Your lists Log in to create your own lists
  • Log in to your account
  • Your cookies
  • Search history
Southville International School and Colleges
  • Advanced search
  • Recent comments
  • Most popular
  • Libraries

Log in to your account

Log in with GOOGLE


If you do not have an external account, but do have a local account, you can still log in:

  1. Home
  2. MARC view: Prefaces and Prologues to Famous Books :
Normal view MARC view ISBD view

Prefaces and Prologues to Famous Books : (Record no. 242437)

[ view plain ]
MARC details
000 -LEADER
fixed length control field 01499cam a22004573a 4500
001 - CONTROL NUMBER
control field 13182
003 - CONTROL NUMBER IDENTIFIER
control field PGUSA
005 - DATE AND TIME OF LATEST TRANSACTION
control field 20140828083302.0
008 - FIXED-LENGTH DATA ELEMENTS--GENERAL INFORMATION
fixed length control field 040815s2004||||xxu|||||s|||||000 | eng d
040 ## - CATALOGING SOURCE
Original cataloging agency PGUSA
Language of cataloging eng
042 ## - AUTHENTICATION CODE
Authentication code dc
050 #4 - LIBRARY OF CONGRESS CALL NUMBER
Classification number P
245 10 - TITLE STATEMENT
Title Prefaces and Prologues to Famous Books :
Remainder of title with Introductions, Notes and Illustrations
Medium [electronic resource]
260 ## - PUBLICATION, DISTRIBUTION, ETC. (IMPRINT)
Name of publisher, distributor, etc Project Gutenberg,
Date of publication, distribution, etc 2004
500 ## - GENERAL NOTE
General note Series: Harvard Classics, Volume 39
506 ## - RESTRICTIONS ON ACCESS NOTE
Terms governing access Public domain in the USA.
516 ## - TYPE OF COMPUTER FILE OR DATA NOTE
Type of computer file or data note Electronic text
653 ## - INDEX TERM--UNCONTROLLED
Uncontrolled term Prefaces
700 1# - ADDED ENTRY--PERSONAL NAME
Personal name Calvin, Jean,
Dates associated with a name 1509-1564
700 1# - ADDED ENTRY--PERSONAL NAME
Personal name Caxton, William,
Dates associated with a name -1491
700 1# - ADDED ENTRY--PERSONAL NAME
Personal name Raleigh, Walter,
Dates associated with a name -1618
700 1# - ADDED ENTRY--PERSONAL NAME
Personal name Heminge, John,
Dates associated with a name -1630
700 1# - ADDED ENTRY--PERSONAL NAME
Personal name Spenser, Edmund,
Dates associated with a name 1551-1599
700 1# - ADDED ENTRY--PERSONAL NAME
Personal name Newton, Isaac,
Titles and other words associated with a name Sir,
Dates associated with a name 1642-1727
700 1# - ADDED ENTRY--PERSONAL NAME
Personal name Condell, Henry,
Dates associated with a name -1627
700 1# - ADDED ENTRY--PERSONAL NAME
Personal name Whitman, Walt,
Dates associated with a name 1819-1892
700 1# - ADDED ENTRY--PERSONAL NAME
Personal name Dryden, John,
Dates associated with a name 1631-1700
700 1# - ADDED ENTRY--PERSONAL NAME
Personal name Knox, John,
Dates associated with a name -1572
700 1# - ADDED ENTRY--PERSONAL NAME
Personal name Fielding, Henry,
Dates associated with a name 1707-1754
700 1# - ADDED ENTRY--PERSONAL NAME
Personal name Hugo, Victor,
Dates associated with a name 1802-1885
700 1# - ADDED ENTRY--PERSONAL NAME
Personal name Taine, Hippolyte,
Dates associated with a name 1828-1893
700 1# - ADDED ENTRY--PERSONAL NAME
Personal name Eliot, Charles William,
Dates associated with a name 1834-1926
700 1# - ADDED ENTRY--PERSONAL NAME
Personal name Copernicus, Nicolaus,
Dates associated with a name 1473-1543
700 1# - ADDED ENTRY--PERSONAL NAME
Personal name Wordsworth, William,
Dates associated with a name 1770-1850
700 1# - ADDED ENTRY--PERSONAL NAME
Personal name Bacon, Francis,
Dates associated with a name 1561-1626
700 1# - ADDED ENTRY--PERSONAL NAME
Personal name Goethe, Johann Wolfgang von,
Dates associated with a name 1749-1832
700 1# - ADDED ENTRY--PERSONAL NAME
Personal name Johnson, Samuel,
Dates associated with a name 1709-1784
830 #0 - SERIES ADDED ENTRY--UNIFORM TITLE
Uniform title Project Gutenberg
Volume number/sequential designation 13182
856 40 - ELECTRONIC LOCATION AND ACCESS
Uniform Resource Identifier <a href="http://www.gutenberg.org/ebooks/13182">http://www.gutenberg.org/ebooks/13182</a>
942 ## - ADDED ENTRY ELEMENTS (KOHA)
Koha item type eBooks
Holdings
Withdrawn status Lost status Damaged status Home library Current library Date acquired Total Checkouts Date last seen Price effective from Koha item type
      Project Gutenberg Project Gutenberg 08/28/2014   08/28/2014 08/28/2014 eBooks

Prefaces and Prologues to Famous Books :

APA

Calvin J., Caxton W., Raleigh W., Heminge J., Spenser E., Newton I., Condell H., Whitman W., Dryden J., Knox J., Fielding H., Hugo V., Taine H., Eliot C. W., Copernicus N., Wordsworth W., Bacon F., Goethe J. W. v. & Johnson S. (2004). Prefaces and Prologues to Famous Books. : Project Gutenberg.

Chicago

Calvin Jean, Caxton William, Raleigh Walter, Heminge John, Spenser Edmund, Newton Isaac, Condell Henry, Whitman Walt, Dryden John, Knox John, Fielding Henry, Hugo Victor, Taine Hippolyte, Eliot Charles William, Copernicus Nicolaus, Wordsworth William, Bacon Francis, Goethe Johann Wolfgang von and Johnson Samuel. 2004. Prefaces and Prologues to Famous Books. : Project Gutenberg.

Harvard

Calvin J., Caxton W., Raleigh W., Heminge J., Spenser E., Newton I., Condell H., Whitman W., Dryden J., Knox J., Fielding H., Hugo V., Taine H., Eliot C. W., Copernicus N., Wordsworth W., Bacon F., Goethe J. W. v. and Johnson S. (2004). Prefaces and Prologues to Famous Books. : Project Gutenberg.

MLA

Calvin Jean, Caxton William, Raleigh Walter, Heminge John, Spenser Edmund, Newton Isaac, Condell Henry, Whitman Walt, Dryden John, Knox John, Fielding Henry, Hugo Victor, Taine Hippolyte, Eliot Charles William, Copernicus Nicolaus, Wordsworth William, Bacon Francis, Goethe Johann Wolfgang von and Johnson Samuel. Prefaces and Prologues to Famous Books. : Project Gutenberg. 2004.

  • Place hold
  • Print
  • Cite
  • Add to your cart (remove)
  • Save record
    BIBTEX Dublin Core MARCXML MARC (non-Unicode/MARC-8) MARC (Unicode/UTF-8) MARC (Unicode/UTF-8, Standard) MODS (XML) RIS
  • More searches
    Search for this title in:
    Other Libraries (WorldCat) Other Databases (Google Scholar) Online Stores (Bookfinder.com) Open Library (openlibrary.org)

Exporting to Dublin Core...

SOUTHVILLE LIBRARY

Southville International School and Colleges Library

1281 Tropical Ave. Cor. Luxembourg St., BF Homes International, Las Pinas City

Tel. No. 8256374 / 252358 Loc. 117/146

Powered by Koha